00947nam a2200241Ia 4500003000400000005001700004008004100021020001800062040002100080041000800101082002400109100003400133245012200167250002100289260005400310300002900364490002600393505018200419650001500601650002200616650003400638700003300672OSt20200605122334.0191128s2003 mx gr 000 0 spa d a9789681668419 aCO-JMCRcCO-JMCR0 aspa04a330.1 / bK446t2231 aKeynes, John Maynard, eautor10aTeoría general de la ocupación, el interés y el dinero /cJohn Maynard Keynes ; traducción de Eduardo Hornedo aCuarta edición aMéxico : bFondo de cultura económica, c2003 a412 páginas ; c21 cm. aColección economá aDefiniciones e ideas -- La propensión a consumir -- El incentivo para intervenir -- Salarios nominales y precios -- Breves consideraciones sugeridas por la teoría general --14aEconomía24aTeorías Moneda 24aEconomía Usura xEconomía1 aHornedo, Eduardo,etraductor